| 000 | 00459 a2200169 4500 | ||
|---|---|---|---|
| 003 | OSt | ||
| 005 | 20231223114310.0 | ||
| 008 | 231223b |||||||| |||| 00| 0 eng d | ||
| 020 | _a9789350008911 | ||
| 040 | _coclc | ||
| 082 |
_a891.431 _bTRI/A |
||
| 100 |
_aTrilochan _910203 |
||
| 245 |
_aARGHAN / _cTrilochan |
||
| 260 |
_aNew Delhi: _bVani Prakashan, _c2015. |
||
| 300 | _a131p | ||
| 942 |
_2ddc _cBK _h891.431 _iTRI/A _k891.431 _mTRI/A |
||
| 999 |
_c43543 _d43543 |
||